01890cam a22003735i 4500999001700000001000900017003000900026005001700035008004100052020001800093040003800111043001200149082002400161100003300185245009800218264007100316264001000387300004600397336002600443337002800469338002700497504005100524505050300575650003301078650003901111650003601150650004201186650003501228651004801263653002601311655001701337942001201354952015001366 c27762d2773313400547EG-ScBUE20191128134654.0031112t20052005caua f b s001 0 eng d a9780520235465 aDLCbengerdacDLCdDLCdEG-ScBUE aa-is---04a306.209567bDAV2221 aDavis, Eric,d1946-eauthor.10aMemories of state :bpolitics, history, and collective identity in modern Iraq /cEric Davis. 1aBerkeley ;aLos Angeles :bUniversity of California Press,c[2005] 4cc2005 axiii, 385 pages :billustrations ;c24 cm atextbtxt2rdacontent aunmediatedbn2rdamedia avolumebnc2rdacarrier aIncludes bibliographical references and index.0 aThe formation of the intelligentsia and modern historical memory -- Nationalism, memory and the decline of the monarchical state -- Memory, the intelligentsia, and the antinomies of civil society, 1945-1958 -- The crucible: the July 14, 1958 revolution and struggle over historical memory -- Memories of state ascendant, 1968-1979 -- Memories of state in decline, 1979-1990 -- Memories of state and the arts of resistance -- Memories of state or memories of the people? Iraq following the Gulf War. 7aHistoriographyzIraq.2BUEsh 7aPolitics and culturezIraq.2BUEsh 7aPolitical culturezIraq.2BUEsh 7aPolitics and literaturezIraq.2BUEsh 7aArab nationalismzIraq.2BUEsh 7aIraqxPolitics and governmenty1958-2BUEsh bMASPPSScNovember2019 vReading book 2ddccBB 00102ddc40708BaccahaMAINbMAINc1STd2019-11-16ePurchaseg590.00l0o306.209567 DAVp000044693r2025-07-15 00:00:00v737.50w2019-11-16yBB